00976nam a2200265 i 4500001000300000100003100003245007200034260007000106300004500176504003600221600004000257610005000297651004200347015001700389020001500406040000800421041000800429080004300437920001800480942000700498008004100505999001700546856009800563952004900661bg1 aILSKI, Zdzisławd(1959- )10aJakub Bojko :b1857-1943 : biografia polityczna /cZdzisław Ilski. aWrocław :bOficyna Wydawnicza Politechniki Wrocławskiej,c2004. a345 s., [1] k. tabl. :bportr. ;c24 cm. aBibliogr. s. [329]-337. Indeks.19aBojko, Jakub (1857-1943)xbiografia29aPolskie Stronnictwo Ludowe "Piast"xbiografie 9aPolskaxpolitykaxbiografiey19-20 w. aPB 5564/2005 a8370858198 cBPK0 apol a329A/Z:323.325:929-052A/Z](438)"18/19" a83-7085-819-8 cKS s pl f |000 0 pol  c46682d46682 uhttp://koha.tu.koszalin.pl/cgi-bin/koha/opac-detail.pl?biblionumber=46682yKatalog online BPK 00104070aBPKbBPKcwo76796p02270616yKS